000 00288nam a2200109Ia 4500
008 190216s9999||||xx |||||||||||||| ||und||
100 _aPeter Tempest
245 0 _aHindi-Heyemoni8st And Imperielist In The Persian Gulf
260 _bNovesti Press Agency
650 _aHistory
942 _cBK
999 _c19198
_d19198